000 01555ngm a22003250a 4500
001 PT43899
003 AR-LpoUNG
005 20210201235944.0
007 vd cvaizq
008 191001s[201||||ag |||||||||||||||||spa d
040 _aAR-LpoUNG
_bspa
_cAR-LpoUNG
_eaacr
041 _aspa
044 _aag
082 0 _a302.1 617v15
100 1 _aBirri, Fernando
_edir.
245 1 0 _aElegia friulana
260 _aRosario :
_bISCAA - ATE,
_c[2011].
300 _aDVD (22 min.) : son., col.
505 0 _aHecha en 2007. Italia.- Guión: Fernando Birri. - Fotografía: Alessandro Segatto. - Edición: Emanuele Redondi. - Música: Gianni Nocenzi
520 _aLa película se puede definir como un poema audiovisual, con un fuerte contenido íntimo, en el que se sobrepone, casi hasta desaparecer en su interior, el correr de las imágenes: imágenes de la época de la vida comunitaria, de fiestas de trabajo, de migraciones, imágenes del Friuli actual, con la evidencia del agua, los molinos y el campo. Se incluyen 100 cuadros del pintor argentino Castagnino, predisponen para la Store-Board del film nunca realizado "Mal de America" tomadas en el estudio de Paneikon s.r.l. en Roma, en el mes de mayo del 2007 y 600 fotografías de época del Frilui y de Argentina, tomadas en el estudio Paneikon s.r.l. de Roma en el mes de mayo del 2007.
650 4 _aARGENTINA
650 4 _aCULTURA
650 4 _aHISTORIA
651 4 _aArgentina
653 _aCINE ARGENTINO
653 _aDVD
653 _aVIDEOS
905 _a43899
942 _cDVD
999 _c53846
_d53846